00514nam a22001577a 450000500170000000800410001702000290005804100120008708200150009910000420011424500770015625000200023326000470025330000310030065000250033120231124122013.0231124b |||||||| |||| 00| 0 eng d a070211233 X ; 0702112933 aEnglish a340.5 SEY  aBekker, JC and Coertze, JJJlEnglish  aSeymour's Customary Law in Southern Africa / cJC Bekker and JJ Coertze  aFourth Edition  aCape Town : bJuta and Company Ltd, c1982 blxi, 446 pages ; c26 cm.  aLegal practice bLaw